000 00415nam a2200157Ia 4500
008 210210b1978 xxu||||| |||| 00| 0 eng d
082 _a658.8 KOTM
100 _aKOTLER (Philip).
245 _aMarketing management. Ed 3.
250 _a
260 _aNew Delhi.
_bPrentice-Hall of India Private Limited
_c1978
300 _axi,529
650 _aMarketing
690 _aMarketing Managemen
906 _aSG0136
999 _c112803
_d112803